| 000 | 00622cam a22001451 4500 | ||
|---|---|---|---|
| 040 | _cScU | ||
| 082 | _a338 HAP 1848 A072 Or. | ||
| 100 | 1 | _aSalkeld, Joseph. | |
| 245 | 0 | 2 |
_aA first book in Spanish; _bor, A practical introduction to the study of the Spanish language: containing full instructions in pronunciation, a grammar; exercises on the Ollendorff method of constant initation and repetition; reading lessons; and a vocabulary. |
| 260 |
_aNew York, _bHarper and Brothers, _c1848. |
||
| 300 |
_a396 p. _c19 cm. |
||
| 650 | 0 | _aSpanish language | |
| 856 | 4 | 1 | _uhttp://hdl.loc.gov/loc.gdc/scd0001.00032130732 |
| 942 | _cEK | ||
| 999 |
_c14880 _d14880 |
||